Probabilidad e inferencia estadística

Sábháilte in:
Sonraí bibleagrafaíochta
Príomhchruthaitheoir: Santaló, Luis A (Údar)
Formáid: LEABHAR
Teanga:Spáinnis
Foilsithe / Cruthaithe: Washington, D.C Secretaría General de la Organización de los Estados Americanos 1980
Eagrán:3a. ed
Sraith:Serie de Matemática. Monografía, 11
Ábhair:
Clibeanna: Cuir clib leis
Níl clibeanna ann, Bí ar an gcéad duine le clib a chur leis an taifead seo!

MARC

LEADER 00000nam a2200000 a 4500
001 UCW0890
003 CL-VaPUC
008 891129e19800000US |||||||||||||||||spa|d
082 0 4 |a 519.2  |b SAN  |2 21 
100 0 |a Santaló, Luis A  |e author  |9 304809 
245 1 0 |a Probabilidad e inferencia estadística 
250 |a 3a. ed 
300 |a 137 p 
942 |c BK 
945 |d 19891129 00:00:00 
260 |a Washington, D.C  |b Secretaría General de la Organización de los Estados Americanos  |c 1980 
650 0 |a Probabilidades   |9 260199 
583 |a last modification  |c 19891129 00:00:00  |k Rodrigo Vera 
490 0 |a Serie de Matemática. Monografía, 11 
999 |c 215917  |d 215915 
952 |0 0  |1 0  |4 0  |6 519_200000000000000_SAN_1980  |7 0  |8 A  |9 201143  |a BIBCUR  |b BIBCUR  |d 2019-11-14  |i 3178536  |l 1  |o 519.2 SAN 1980  |p 3178536  |r 2025-04-22  |s 2022-04-11  |w 2019-11-14  |y BK  |k BCB